| 000 | 00764nam a2200241Ia 4500 | ||
|---|---|---|---|
| 003 | OSt | ||
| 005 | 20221006170008.0 | ||
| 006 | a|||||r|||| 00| 0 | ||
| 007 | ta | ||
| 008 | 221006b |||||||| |||| 00| 0 hin d | ||
| 024 | _a7,634 | ||
| 037 | _cDissertations | ||
| 040 |
_aFML _cFML _bhin |
||
| 041 |
_2hin _ahin |
||
| 100 |
_aSharma Hari Kishan Au. _9680896 |
||
| 110 | _aDelhi University Delhi. Faculty of Music and Fine Arts. Department of Music | ||
| 245 | 0 | _aPrachalit Khayal Gayakiyo Ke Sandarbh Main Naveen Khayal Ki Parikalpana | |
| 260 | _c1989 | ||
| 300 |
_a109 _ccm. |
||
| 700 | _aDelhi University Delhi. Faculty of Music and Fine Arts. Department of Music | ||
| 942 |
_cDIS _2CC |
||
| 999 |
_c1122682 _d1122682 |
||